000 00467nam a2200181Ia 4500
005 20250508155525.0
008 008 250505s9999 xx 000 0 eng d
037 _aTextual
040 _aFEDL
_beng
_cFEDL
041 _aeng
_2eng
084 _a614.772, DUB
_qFEDL
100 _aDublin Louis I
245 0 _aWater fluoridation: Facts, not myths
260 _c1957
300 _a28p.
942 _cTEXL
_h614.772, DUB
999 _c1357422
_d1357422